000
00285nam a2200121Ia 4500
005
20251222141818.0
008
251222s9999||||xx |||||||||||||| ||spa||
020
_a
84/7520-071-0
082
_a
869.953.3/D25P
100
_a
"Darío, Rubén"
245
0
_a
Antología Poética
942
_c
LIB
999
_c
6696
_d
6696